000
00314nam a2200133Ia 4500
008
230818s1985 xx 000 0 und d
041
_a
eng
100
_a
Winton
245
_a
Theory of catering
260
_b
Arnold Publishers
_c
1985
300
_a
438p
520
_a
General | Hard Board
999
_c
853600
_d
853600
650
_a
Food Safety